| 000 | 01286cam a2200289 a 4500 | ||
|---|---|---|---|
| 001 | 673523 | ||
| 003 | NUST-PNEC | ||
| 005 | 20170116180715.0 | ||
| 008 | 951023s1996 caua bf 001 0 eng | ||
| 010 | _a 95046468 | ||
| 020 | _a0070394008 | ||
| 040 |
_aDLC _cPNEC _dDLC |
||
| 050 | 0 | 0 |
_aQA76.76.R44 _bH36 1996 |
| 082 | 0 | 0 | _a005.1 LYN |
| 100 |
_9677 _aLyu Michael R. |
||
| 245 | 0 | 0 |
_aHandbook of software reliability engineering / _cMichael R. Lyu, editor in chief. |
| 260 |
_aLos Alamitos, Calif. : _bIEEE Computer Society Press ; _aNew York : _bMcGraw Hill, _cc1996. |
||
| 300 |
_axxv, 850 p. : _bill. ; _c24 cm. + |
||
| 500 | _ahttp://www.amazon.com/Handbook-Software-Reliability-Engineering-Michael/dp/0070394008/ref=sr_1_1?s=books&ie=UTF8&qid=1413524030&sr=1-1&keywords=0070394008 | ||
| 504 | _aIncludes bibliographical references (p. 781-820). | ||
| 538 | _aSystem requirements for accompanying computer disc: IBM-compatible PC; MS/DOS. | ||
| 650 | 0 |
_aComputer software _xReliability _xHandbooks, manuals, etc. - MIS |
|
| 700 | 1 | _aLyu, Michael R. | |
| 906 |
_a7 _bcbc _corignew _d1 _eocip _f19 _gy-gencatlg |
||
| 942 |
_2ddc _cBK |
||
| 999 |
_c61134 _d61134 |
||